00414nam a2200121 a 450000500170000000800410001705000190005810000210007724500310009826000460012999900190017595200980019420140414132101.0100719s19uu xx 00 eng d aERbWh555 1996 aCarmody, Colleen aWhat comes out of an egg?. aAustralia :bScholastic Australia,c1996. c114461d114461 001040aMUbMUcERd2010-07-19l0oER Wh555 1996pM6298r2014-04-14 00:00:00w2014-04-14yBK